|
|
|
|
| LEADER |
00611 a2200181 4500 |
| 008 |
090227t xxu||||| |||| 00| 0 eng d |
| 020 |
|
|
|a 0 07 099322 x
|
| 100 |
|
|
|a Dale, Nell
|9 7875
|
| 245 |
|
|
|a Introduction to PASCAL and structured design
|c Nell Dale, David Orshalick
|
| 260 |
|
|
|a New Delhi
|b Tata McGraw Hill
|c 1985
|
| 300 |
|
|
|a xvii, 470+
|
| 650 |
|
|
|a Data structures
|9 1236
|
| 650 |
|
|
|a Programming
|9 1237
|
| 700 |
|
|
|a Dale, Nell
|9 1238
|
| 700 |
|
|
|a Orshalick, David
|9 1239
|
| 942 |
|
|
|2 ddc
|c BK
|6 _
|
| 999 |
|
|
|c 84459
|d 84459
|
| 952 |
|
|
|0 0
|1 0
|2 ddc
|4 0
|6 _
|7 0
|9 105398
|a DCA
|b DCA
|d 2009-02-27
|p CA000286
|r 2009-02-27
|w 2009-02-27
|y BK
|